Quality and cost in neurological surgery / (Record no. 118411)

MARC details
000 -LEADER
fixed length control field 00898nam a2200277 a 4500
008 - FIXED-LENGTH DATA ELEMENTS--GENERAL INFORMATION
fixed length control field
020 ## - INTERNATIONAL STANDARD BOOK NUMBER
International Standard Book Number 0781732603 (hbk.)
049 ## - LOCAL HOLDINGS (OCLC)
Holding library MAIN
090 ## - LOCALLY ASSIGNED LC-TYPE CALL NUMBER (OCLC); LOCAL CALL NUMBER (RLIN)
Classification number (OCLC) (R) ; Classification number, CALL (RLIN) (NR) RD27.35
Local cutter number (OCLC) ; Book number/undivided call number, CALL (RLIN) QUA.
003 - CONTROL NUMBER IDENTIFIER
control field
005 - DATE AND TIME OF LATEST TRANSACTION
control field 20230120204154.0
040 ## - CATALOGING SOURCE
Transcribing agency NUST
245 10 - TITLE STATEMENT
Title Quality and cost in neurological surgery /
Statement of responsibility, etc. edited by Mark E. Lenskey and Michael J. Rutigliano.
260 ## - PUBLICATION, DISTRIBUTION, ETC.
Place of publication, distribution, etc. Philadephia:
Name of publisher, distributor, etc. Lippincot Williams and Wilkins,
Date of publication, distribution, etc. 2001.
300 ## - PHYSICAL DESCRIPTION
Extent xiv, 442 p. :
Other physical details ill.:
Dimensions 26 cm.
440 ## - SERIES STATEMENT/ADDED ENTRY--TITLE
Title Concepts in Neurosurgery;
Volume/sequential designation no. 10
500 ## - GENERAL NOTE
General note Includes index.
504 ## - BIBLIOGRAPHY, ETC. NOTE
Bibliography, etc. note Includes bibliographical references.
650 #1 - SUBJECT ADDED ENTRY--TOPICAL TERM
Topical term or geographic name entry element Practice of Surgery.
650 ## - SUBJECT ADDED ENTRY--TOPICAL TERM
Topical term or geographic name entry element Neurology.
650 ## - SUBJECT ADDED ENTRY--TOPICAL TERM
Topical term or geographic name entry element Quality management.
Topical term following geographic name entry element Health Care.
700 ## - ADDED ENTRY--PERSONAL NAME
Personal name Linskey, Mark. E.
700 ## - ADDED ENTRY--PERSONAL NAME
Personal name Rutigliano, Michael. J.
907 ## - LOCAL DATA ELEMENT G, LDG (RLIN)
a .b1035766x
b 06-05-15
c 05-05-15
942 ## - ADDED ENTRY ELEMENTS (KOHA)
Koha item type Ordinary Loan Books
Call number prefix RD27.35
Call number suffix QUA.
Holdings
Date last seen Total Checkouts Full call number Barcode Cost, replacement price Price effective from Koha item type Lost status Source of classification or shelving scheme Damaged status Not for loan Collection Withdrawn status Home library Current library Shelving location Date acquired Cost, normal purchase price
01/20/2023   RD27.35 QUA 92004036717 80.00 01/20/2023 BOOKS   LCC     NFIC   MEDICAL MEDICAL GEN 01/20/2023 80.00